Contribucion a la historia de los conceptos gramaticales, la aportacion del brocense /
Guardado en:
| Autor Principal: | |
|---|---|
| Formato: | Libro |
| Publicado: |
Madrid :
Consejo Superior De Investigaciones Cientificas,
1960
|
| Materias: | |
| Etiquetas: |
Agregar Etiqueta
Sin Etiquetas, Sea el primero en etiquetar este registro!
|
| LEADER | 00555nam a22001575a 4500 | ||
|---|---|---|---|
| 001 | EHU.bham005384 | ||
| 003 | AR-BHAM | ||
| 005 | 19000101000000.0 | ||
| 008 | 130507s1960##################000#0#####d | ||
| 082 | 4 | 6 | |a 465 |
| 100 | 1 | |a Garcia, Constantino | |
| 245 | 1 | 0 | |a Contribucion a la historia de los conceptos gramaticales, la aportacion del brocense / |c Constantino Garcia. |
| 260 | |a Madrid : |b Consejo Superior De Investigaciones Cientificas, |c 1960 | ||
| 300 | |a 180 p. | ||
| 653 | |a Castellano-gramatica | ||
| 859 | |a AR-BHAM |b BIB. HUMANIDADES - General |h 465 |i G165 |p 99282.64 |t Ej.1 | ||
